000 00811nam a2200205 i 4500
001 190004
003 ES-MaACL
005 20230906223620.0
008 200304s1975 sp |||| | spa d
080 _a352(460)(043.2)
100 1 _aLiesa Riverola, Celso.
_972254
245 1 0 _aReestructuración de términos municipales /
_cpor Celso Liesa Riverola.
260 _aBarcelona :
_b[Universidad, Facultad de Derecho],
_c1975.
300 _a42 p. ;
_c24 cm.
502 _aTesis-Univ. Barcelona (Extracto)
594 _aPrecede al tít.: Universidad de Barcelona. Secretariado de Publicaciones, Intercambio Científico y Extensión Universitaria.
650 4 _aAdministración municipal-
_zEspaña.
_99642
710 2 _aUniversidad de Barcelona.
_bFacultad de Derecho.
_97147
852 4 _aES-MaACL
_jP-1414-24
999 _c190004
_d190004